|
|
|
|
| LEADER |
00000cam a2200000 a 4500 |
| 001 |
vtls008406002 |
| 003 |
SK-MaSNL |
| 005 |
20260301092114.0 |
| 008 |
230403s1954 xo a f 000 0 slo |
| 015 |
|
|
|a SNBA19451955-013778
|
| 020 |
|
|
|q (viazané)
|
| 035 |
|
|
|a SK01SNKBKSFS20010098219
|
| 035 |
|
|
|a urn:nbn:sk:snk-am3ie71
|
| 035 |
|
|
|a urn:nbn:sk:snk-am00e6na
|
| 035 |
|
|
|a 39BA9EF7-427F-4A25-ACB1-CD1FBA39570D
|
| 035 |
|
|
|a SKM000100682
|
| 040 |
|
|
|a SNK
|b slo
|c SNK
|e AACR2
|
| 041 |
1 |
|
|a slo
|h rus
|
| 043 |
|
|
|a e-ur---
|
| 044 |
|
|
|a xo
|c SK
|
| 072 |
|
7 |
|a 78
|x Hudba
|2 konspekt
|
| 072 |
|
7 |
|a 78.07
|x Hudobníci, skladatelia a iné hudobné povolania
|2 konspekt
|
| 080 |
|
|
|a 78
|2 2011
|
| 080 |
|
|
|a 78.071.1
|2 2011
|
| 080 |
|
|
|a 793.32:792.82
|2 2011
|
| 080 |
|
|
|a 785.7
|2 2011
|
| 080 |
|
|
|a 78.082.4
|2 2011
|
| 080 |
|
|
|a (47+57)
|2 2011
|
| 080 |
|
|
|a (082)
|2 2011
|
| 240 |
1 |
0 |
|a Sovetskaja muzyka na podjome
|l Slovensky
|
| 245 |
0 |
0 |
|a Vzostup sovietskej hudby
|b sborník statí
|c [z ruského originálu Sovetskaja muzyka na podjome ... preložil Viliam Schronk]
|
| 260 |
|
|
|a Bratislava
|b Slovenská akadémia vied
|c 1954
|
| 300 |
|
|
|a 281 strán
|b noty
|c 25 cm
|
| 366 |
|
|
|e 1000 kusov
|
| 500 |
|
|
|a Obsahuje poznámky pod čiarou
|
| 650 |
0 |
7 |
|a hudba
|2 SNKPH
|9 1063
|
| 650 |
0 |
7 |
|a hudobní skladatelia
|2 SNKPH
|9 3188
|
| 650 |
0 |
7 |
|a balet
|2 SNKPH
|9 3337
|
| 650 |
0 |
7 |
|a komorná hudba
|2 SNKPH
|9 3431
|
| 650 |
0 |
7 |
|a koncerty
|2 SNKPH
|9 19182
|
| 651 |
|
7 |
|a Sovietsky zväz
|2 SNKPHgeo
|9 22126
|
| 655 |
|
7 |
|a zborníky
|2 SNKPH
|9 70165
|
| 700 |
1 |
|
|a Schronk, Viliam,
|d 1912-1968
|4 trl
|9 76558
|
| 852 |
|
|
|a Slovenská národná knižnica
|
| 954 |
|
|
|a odborná, vedecká literatúra cudzojazyčná (svetová)
|2 lita
|
| 958 |
|
|
|a OND
|
| 958 |
|
|
|a RK
|
| 958 |
|
|
|a TL
|
| 958 |
|
|
|a OP
|
| 958 |
|
|
|a EUIPO
|
| 999 |
|
|
|c 673021
|d 674951
|
| 952 |
|
|
|a SNK
|b SNK
|y PREZ
|7 0
|p 17A0775760
|o snkSC 5162
|i snk862/54
|0 0
|1 0
|4 0
|d 2019-03-13
|f 1
|l 0
|r 2025-07-04 00:00:00
|w 2026-02-23
|